<?xml version="1.0" encoding="UTF-8"?>
<collection xmlns="http://www.loc.gov/MARC21/slim">
 <record>
  <leader>04931cam a2200985   4500</leader>
  <controlfield tag="001">1617835595</controlfield>
  <controlfield tag="003">DE-627</controlfield>
  <controlfield tag="005">20240315183242.0</controlfield>
  <controlfield tag="007">tu</controlfield>
  <controlfield tag="008">050525s2004    sp ||||| m    00| ||spa c</controlfield>
  <datafield tag="020" ind1=" " ind2=" ">
   <subfield code="a">8477856087</subfield>
   <subfield code="9">84-7785-608-7</subfield>
  </datafield>
  <datafield tag="024" ind1="3" ind2=" ">
   <subfield code="a">9788477856085</subfield>
  </datafield>
  <datafield tag="035" ind1=" " ind2=" ">
   <subfield code="a">(DE-627)1617835595</subfield>
  </datafield>
  <datafield tag="035" ind1=" " ind2=" ">
   <subfield code="a">(DE-576)117708593</subfield>
  </datafield>
  <datafield tag="035" ind1=" " ind2=" ">
   <subfield code="a">(DE-599)BSZ117708593</subfield>
  </datafield>
  <datafield tag="035" ind1=" " ind2=" ">
   <subfield code="a">(OCoLC)255084018</subfield>
  </datafield>
  <datafield tag="035" ind1=" " ind2=" ">
   <subfield code="a">(OCoLC)255084018</subfield>
  </datafield>
  <datafield tag="040" ind1=" " ind2=" ">
   <subfield code="a">DE-627</subfield>
   <subfield code="b">ger</subfield>
   <subfield code="c">DE-627</subfield>
   <subfield code="e">rakwb</subfield>
  </datafield>
  <datafield tag="041" ind1=" " ind2=" ">
   <subfield code="a">spa</subfield>
  </datafield>
  <datafield tag="044" ind1=" " ind2=" ">
   <subfield code="c">XA-ES</subfield>
  </datafield>
  <datafield tag="050" ind1=" " ind2="0">
   <subfield code="a">RA989.S74</subfield>
  </datafield>
  <datafield tag="082" ind1="0" ind2=" ">
   <subfield code="a">725.51094685</subfield>
  </datafield>
  <datafield tag="084" ind1=" " ind2=" ">
   <subfield code="a">4,1</subfield>
   <subfield code="a">9,10</subfield>
   <subfield code="2">ssgn</subfield>
  </datafield>
  <datafield tag="084" ind1=" " ind2=" ">
   <subfield code="a">7,34</subfield>
   <subfield code="2">ssgn</subfield>
  </datafield>
  <datafield tag="084" ind1=" " ind2=" ">
   <subfield code="a">XB 4600</subfield>
   <subfield code="2">rvk</subfield>
   <subfield code="0">(DE-625)rvk/152471:12905</subfield>
  </datafield>
  <datafield tag="084" ind1=" " ind2=" ">
   <subfield code="a">XB 3888</subfield>
   <subfield code="2">rvk</subfield>
   <subfield code="0">(DE-625)rvk/152460:12997</subfield>
  </datafield>
  <datafield tag="084" ind1=" " ind2=" ">
   <subfield code="a">21.71</subfield>
   <subfield code="2">bkl</subfield>
  </datafield>
  <datafield tag="084" ind1=" " ind2=" ">
   <subfield code="a">56.86</subfield>
   <subfield code="2">bkl</subfield>
  </datafield>
  <datafield tag="084" ind1=" " ind2=" ">
   <subfield code="a">44.01</subfield>
   <subfield code="2">bkl</subfield>
  </datafield>
  <datafield tag="100" ind1="1" ind2=" ">
   <subfield code="a">Fernández Mérida, María Dolores</subfield>
   <subfield code="0">(DE-627)1259233952</subfield>
   <subfield code="0">(DE-576)189233958</subfield>
   <subfield code="4">aut</subfield>
  </datafield>
  <datafield tag="245" ind1="1" ind2="4">
   <subfield code="a">Los hospitales Malagueños en los siglos XV - XIX</subfield>
   <subfield code="b">historia y arquitectura</subfield>
   <subfield code="c">María Dolores Fernández Mérida</subfield>
  </datafield>
  <datafield tag="246" ind1="3" ind2="0">
   <subfield code="a">15 19</subfield>
  </datafield>
  <datafield tag="264" ind1=" " ind2="1">
   <subfield code="a">Málaga</subfield>
   <subfield code="b">Centro de Ediciones de la Diputación de Málaga, Servicio de Publ.</subfield>
   <subfield code="c">2004</subfield>
  </datafield>
  <datafield tag="300" ind1=" " ind2=" ">
   <subfield code="a">737 S.</subfield>
   <subfield code="b">Ill.</subfield>
  </datafield>
  <datafield tag="336" ind1=" " ind2=" ">
   <subfield code="a">Text</subfield>
   <subfield code="b">txt</subfield>
   <subfield code="2">rdacontent</subfield>
  </datafield>
  <datafield tag="337" ind1=" " ind2=" ">
   <subfield code="a">ohne Hilfsmittel zu benutzen</subfield>
   <subfield code="b">n</subfield>
   <subfield code="2">rdamedia</subfield>
  </datafield>
  <datafield tag="338" ind1=" " ind2=" ">
   <subfield code="a">Band</subfield>
   <subfield code="b">nc</subfield>
   <subfield code="2">rdacarrier</subfield>
  </datafield>
  <datafield tag="490" ind1="1" ind2=" ">
   <subfield code="a">Monografias / Diputación Provincial de Málaga</subfield>
   <subfield code="v">25</subfield>
  </datafield>
  <datafield tag="502" ind1=" " ind2=" ">
   <subfield code="a">Vollst. zugl.: Málaga, Univ., Diss., 2000</subfield>
  </datafield>
  <datafield tag="583" ind1="1" ind2=" ">
   <subfield code="a">Archivierung prüfen</subfield>
   <subfield code="c">20200919</subfield>
   <subfield code="f">DE-640</subfield>
   <subfield code="z">1</subfield>
   <subfield code="2">pdager</subfield>
  </datafield>
  <datafield tag="583" ind1="1" ind2=" ">
   <subfield code="a">Archivierung/Langzeitarchivierung gewährleistet</subfield>
   <subfield code="f">SSG</subfield>
   <subfield code="x">XA-DE-BW</subfield>
   <subfield code="2">pdager</subfield>
   <subfield code="5">DE-16</subfield>
  </datafield>
  <datafield tag="650" ind1=" " ind2="0">
   <subfield code="a">Hospitals</subfield>
   <subfield code="z">Spain</subfield>
   <subfield code="z">Málaga</subfield>
   <subfield code="x">History</subfield>
  </datafield>
  <datafield tag="650" ind1=" " ind2="0">
   <subfield code="a">Hospital architecture</subfield>
   <subfield code="z">Spain</subfield>
   <subfield code="z">Málaga</subfield>
   <subfield code="x">History</subfield>
  </datafield>
  <datafield tag="650" ind1=" " ind2="0">
   <subfield code="a">Hospital buildings</subfield>
   <subfield code="z">Spain</subfield>
   <subfield code="z">Málaga</subfield>
   <subfield code="x">Design and construction</subfield>
   <subfield code="x">History</subfield>
  </datafield>
  <datafield tag="655" ind1=" " ind2="7">
   <subfield code="a">Hochschulschrift</subfield>
   <subfield code="0">(DE-588)4113937-9</subfield>
   <subfield code="0">(DE-627)105825778</subfield>
   <subfield code="0">(DE-576)209480580</subfield>
   <subfield code="2">gnd-content</subfield>
  </datafield>
  <datafield tag="689" ind1="0" ind2="0">
   <subfield code="d">g</subfield>
   <subfield code="0">(DE-588)4100040-7</subfield>
   <subfield code="0">(DE-627)105939404</subfield>
   <subfield code="0">(DE-576)209357541</subfield>
   <subfield code="a">Málaga</subfield>
   <subfield code="2">gnd</subfield>
  </datafield>
  <datafield tag="689" ind1="0" ind2="1">
   <subfield code="d">s</subfield>
   <subfield code="0">(DE-588)4374153-8</subfield>
   <subfield code="0">(DE-627)18428578X</subfield>
   <subfield code="0">(DE-576)211765961</subfield>
   <subfield code="a">Hospitalbau</subfield>
   <subfield code="2">gnd</subfield>
  </datafield>
  <datafield tag="689" ind1="0" ind2="2">
   <subfield code="a">z</subfield>
   <subfield code="2">gnd</subfield>
   <subfield code="a">Geschichte 1400-1900</subfield>
  </datafield>
  <datafield tag="689" ind1="0" ind2=" ">
   <subfield code="5">(DE-627)</subfield>
  </datafield>
  <datafield tag="689" ind1="1" ind2="0">
   <subfield code="d">g</subfield>
   <subfield code="0">(DE-588)4100040-7</subfield>
   <subfield code="0">(DE-627)105939404</subfield>
   <subfield code="0">(DE-576)209357541</subfield>
   <subfield code="a">Málaga</subfield>
   <subfield code="2">gnd</subfield>
  </datafield>
  <datafield tag="689" ind1="1" ind2="1">
   <subfield code="d">s</subfield>
   <subfield code="0">(DE-588)4025913-4</subfield>
   <subfield code="0">(DE-627)106290754</subfield>
   <subfield code="0">(DE-576)208963715</subfield>
   <subfield code="a">Hospital</subfield>
   <subfield code="2">gnd</subfield>
  </datafield>
  <datafield tag="689" ind1="1" ind2="2">
   <subfield code="d">s</subfield>
   <subfield code="0">(DE-588)4126713-8</subfield>
   <subfield code="0">(DE-627)105730246</subfield>
   <subfield code="0">(DE-576)209587423</subfield>
   <subfield code="a">Sterbeklinik</subfield>
   <subfield code="2">gnd</subfield>
  </datafield>
  <datafield tag="689" ind1="1" ind2="3">
   <subfield code="d">s</subfield>
   <subfield code="0">(DE-588)4338921-1</subfield>
   <subfield code="0">(DE-627)152415130</subfield>
   <subfield code="0">(DE-576)211392545</subfield>
   <subfield code="a">Obdachlosenasyl</subfield>
   <subfield code="2">gnd</subfield>
  </datafield>
  <datafield tag="689" ind1="1" ind2="4">
   <subfield code="a">z</subfield>
   <subfield code="2">gnd</subfield>
   <subfield code="a">Geschichte 1488-1900</subfield>
  </datafield>
  <datafield tag="689" ind1="1" ind2=" ">
   <subfield code="5">(DE-627)</subfield>
  </datafield>
  <datafield tag="689" ind1="2" ind2="0">
   <subfield code="d">g</subfield>
   <subfield code="0">(DE-588)4100040-7</subfield>
   <subfield code="0">(DE-627)105939404</subfield>
   <subfield code="0">(DE-576)209357541</subfield>
   <subfield code="a">Málaga</subfield>
   <subfield code="2">gnd</subfield>
  </datafield>
  <datafield tag="689" ind1="2" ind2="1">
   <subfield code="d">s</subfield>
   <subfield code="0">(DE-588)4374153-8</subfield>
   <subfield code="0">(DE-627)18428578X</subfield>
   <subfield code="0">(DE-576)211765961</subfield>
   <subfield code="a">Hospitalbau</subfield>
   <subfield code="2">gnd</subfield>
  </datafield>
  <datafield tag="689" ind1="2" ind2="2">
   <subfield code="a">z</subfield>
   <subfield code="2">gnd</subfield>
   <subfield code="a">Geschichte 1488-1900</subfield>
  </datafield>
  <datafield tag="689" ind1="2" ind2=" ">
   <subfield code="5">(DE-627)</subfield>
  </datafield>
  <datafield tag="751" ind1=" " ind2=" ">
   <subfield code="a">Málaga</subfield>
   <subfield code="4">uvp</subfield>
  </datafield>
  <datafield tag="787" ind1="0" ind2="8">
   <subfield code="i">Rezensiert in</subfield>
   <subfield code="a">García Gómez, Francisco, 1968 - </subfield>
   <subfield code="t">[Rezension von: María Dolores Fernández Mérida, Los hospitales malagueños en los siglos XV-XIX. Historia y arquitectura]</subfield>
   <subfield code="d">2006</subfield>
   <subfield code="w">(DE-627)1780442599</subfield>
  </datafield>
  <datafield tag="810" ind1="2" ind2=" ">
   <subfield code="a">Provinz Málaga</subfield>
   <subfield code="t">Colección Monografías</subfield>
   <subfield code="v">25</subfield>
   <subfield code="9">25</subfield>
   <subfield code="w">(DE-627)621469122</subfield>
   <subfield code="w">(DE-576)025791664</subfield>
   <subfield code="w">(DE-600)2545168-6</subfield>
   <subfield code="7">ns</subfield>
  </datafield>
  <datafield tag="856" ind1="4" ind2="2">
   <subfield code="u">https://swbplus.bsz-bw.de/bsz117708593inh.htm</subfield>
   <subfield code="m">V:DE-576</subfield>
   <subfield code="q">text/html</subfield>
   <subfield code="3">Inhaltsverzeichnis</subfield>
  </datafield>
  <datafield tag="856" ind1="4" ind2="2">
   <subfield code="u">http://www.gbv.de/dms/sub-hamburg/489074103.pdf</subfield>
   <subfield code="m">V:DE-601</subfield>
   <subfield code="m">B:DE-18</subfield>
   <subfield code="q">pdf/application</subfield>
   <subfield code="x">Verlag</subfield>
   <subfield code="y">Inhaltsverzeichnis</subfield>
   <subfield code="3">Inhaltsverzeichnis</subfield>
  </datafield>
  <datafield tag="889" ind1=" " ind2=" ">
   <subfield code="w">(DE-627)489074103</subfield>
  </datafield>
  <datafield tag="935" ind1=" " ind2=" ">
   <subfield code="i">mdedup</subfield>
  </datafield>
  <datafield tag="936" ind1="r" ind2="v">
   <subfield code="a">XB 4600</subfield>
   <subfield code="b">Allgemeines</subfield>
   <subfield code="k">Medizin</subfield>
   <subfield code="k">Geschichte der Medizin</subfield>
   <subfield code="k">Spezielle Geschichte der Medizin, Geschichte einzelner medizin. Disziplinen</subfield>
   <subfield code="k">Geschichte der medizinischen Ausbildung und der medizinischen Ausbildungsstätten, Krankenhauswesen, Krankenpflege</subfield>
   <subfield code="k">Allgemeines</subfield>
   <subfield code="0">(DE-627)1270876708</subfield>
   <subfield code="0">(DE-625)rvk/152471:12905</subfield>
   <subfield code="0">(DE-576)200876708</subfield>
  </datafield>
  <datafield tag="936" ind1="r" ind2="v">
   <subfield code="a">XB 3888</subfield>
   <subfield code="b">Hygiene, Öffentliches Gesundheitswesen, Arbeitsmedizin, Sozialmedizin</subfield>
   <subfield code="k">Medizin</subfield>
   <subfield code="k">Geschichte der Medizin</subfield>
   <subfield code="k">Regionale Geschichte der Medizin</subfield>
   <subfield code="k">Europa</subfield>
   <subfield code="k">Italien Spanien, Portugal</subfield>
   <subfield code="k">B. Sachschlüssel</subfield>
   <subfield code="k">Unterteilung nach medizinischen Disziplinen</subfield>
   <subfield code="k">Hygiene, Öffentliches Gesundheitswesen, Arbeitsmedizin, Sozialmedizin</subfield>
   <subfield code="0">(DE-627)1276766238</subfield>
   <subfield code="0">(DE-625)rvk/152460:12997</subfield>
   <subfield code="0">(DE-576)206766238</subfield>
  </datafield>
  <datafield tag="936" ind1="b" ind2="k">
   <subfield code="a">21.71</subfield>
   <subfield code="j">Geschichte öffentlicher Bauten</subfield>
   <subfield code="0">(DE-627)106421263</subfield>
  </datafield>
  <datafield tag="936" ind1="b" ind2="k">
   <subfield code="a">56.86</subfield>
   <subfield code="j">Sozialbauten</subfield>
   <subfield code="j">Krankenhausbau</subfield>
   <subfield code="0">(DE-627)106421182</subfield>
  </datafield>
  <datafield tag="936" ind1="b" ind2="k">
   <subfield code="a">44.01</subfield>
   <subfield code="j">Geschichte der Medizin</subfield>
   <subfield code="0">(DE-627)106409638</subfield>
  </datafield>
  <datafield tag="951" ind1=" " ind2=" ">
   <subfield code="a">BO</subfield>
  </datafield>
  <datafield tag="990" ind1=" " ind2=" ">
   <subfield code="a">Málaga</subfield>
  </datafield>
  <datafield tag="990" ind1=" " ind2=" ">
   <subfield code="a">Hospitalbau</subfield>
  </datafield>
  <datafield tag="990" ind1=" " ind2=" ">
   <subfield code="a">Geschichte 1400-1900</subfield>
  </datafield>
  <datafield tag="990" ind1=" " ind2=" ">
   <subfield code="a">Málaga</subfield>
  </datafield>
  <datafield tag="990" ind1=" " ind2=" ">
   <subfield code="a">Hospital</subfield>
  </datafield>
  <datafield tag="990" ind1=" " ind2=" ">
   <subfield code="a">Sterbeklinik</subfield>
  </datafield>
  <datafield tag="990" ind1=" " ind2=" ">
   <subfield code="a">Obdachlosenasyl</subfield>
  </datafield>
  <datafield tag="990" ind1=" " ind2=" ">
   <subfield code="a">Geschichte 1488-1900</subfield>
  </datafield>
  <datafield tag="990" ind1=" " ind2=" ">
   <subfield code="a">Málaga</subfield>
  </datafield>
  <datafield tag="990" ind1=" " ind2=" ">
   <subfield code="a">Hospitalbau</subfield>
  </datafield>
  <datafield tag="990" ind1=" " ind2=" ">
   <subfield code="a">Geschichte 1488-1900</subfield>
  </datafield>
  <datafield tag="991" ind1=" " ind2=" ">
   <subfield code="a">Rezensiertes Werk</subfield>
  </datafield>
  <datafield tag="999" ind1=" " ind2=" ">
   <subfield code="a">KXP-PPN1617835595</subfield>
   <subfield code="e">4017128181</subfield>
  </datafield>
 </record>
</collection>
